000 03989cam a2200469 i 4500
001 data
005 20260322212103.0
008 data
035 _a23638898
906 _a7
_bcbc
_corignew
_d1
_eecip
_f20
_gy-gencatlg
925 0 _aacquire
_b2 shelf copy
_xpolicy default
955 _dxm08 2024-07-01
_wxm08 2024-07-01 Telework
_frp11 2025-03-13 to PresSrvs
010 _a 2024016065
020 _a9781284291803
_q(paperback)
040 _aDNLM/DLC
_beng
_erda
_cDLC
_dDLC
042 _apcc
050 0 0 _aRA425
_b.K88 2026
060 0 0 _aWA 100
_b.K78 2026
082 0 0 _a362.1
_223/eng/20240701
084 _aMED078000
_2bisacsh
100 1 _aKruger, Jessica,
_eauthor.
245 1 0 _aSchneider's introduction to public health /
_cJessica S. Kruger, Andy Moralez, C. Eduardo Siqueira.
246 1 _aIntroduction to public health
250 _aSeventh edition.
264 1 _aBurlington, MA :
_bJones & Bartlett Learning,
_c[2026]
300 _axix, 455 pages :
_bcolor illustrations ;
_c23 cm
336 _atext
_btxt
_2rdacontent
337 _aunmediated
_bn
_2rdamedia
338 _avolume
_bnc
_2rdacarrier
500 _aPreceded by Introduction to public health / Mary-Jane Schneider with Henry S. Schneider ; drawings by Henry Schneider. Sixth Edition. 2021.
504 _aIncludes bibliographical references and index.
505 0 _aPublic Health : Science, Politics, and Prevention -- The Drivers of Health -- Health Across the Lifespan -- Government Influence and Responsibilities -- Public Health Research Methods -- The Role of Statistics and Data in Public Health -- Infectious Diseases -- COVID-19 : Experiencing and Learning from a Global Pandemic -- The Science and Principles of Epidemiology -- Genetic and Chronic Diseases -- Behavioral Contributors to Disease Risk -- Public Health Approaches to Mental Health -- A Clean Environment : The Basis of Public Health -- Climate Change: The Most Important Public Health Challenge of the 21st Century? -- Regulations that Impact Health -- The U.S. Medical System as a Public Health Problem -- The Future of Public Health.
520 _aOffering a thorough, accessible and lively overview of public health for students new to the field, Schneider's Introduction to Public Health offers a broad reaching, practical framework for understanding the forces and organizations of public health today. Through engaging, nontechnical language, illustrative real world examples, and the current political, economic, and cultural news of the day, students gain a clear understanding of the scope of today's public health problems and possible solutions.Building on Schneider's engaging and easy-to-read narrative approach, new author team Kruger, Moralez, and Siqueira draw on their diverse perspectives for the Seventh Edition to bring a greater focus on the social determinants of health, ecological approach, and life course experiences as a framework to understand public health in the 21st century. Key Features Updated statistics and information in every chapter illustrate the current state of public health. Streamlined organization to better align with a traditional 16-week semester course. New chapters addressing the COVID-19 pandemic, climate change, and mental health. New chapter on research methods, that includes qualitative data. Timely examples, including links to videos and websites, cover public health issues discussed in the text. Alignment with Council on Education for Public Health (CEPH) criteria for undergraduate public health--
_cProvided by publisher.
650 0 _aPublic health.
650 1 2 _aPublic Health
650 1 2 _aPublic Health Practice
650 7 _aMEDICAL / Public Health
_2bisacsh
700 1 _aMoralez, Andy,
_eauthor.
700 1 _aSiqueira, C. Eduardo
_q(Carlos Eduardo),
_d1955-
_eauthor.
700 1 _iPreceded by (work):
_aSchneider, Mary-Jane,
_d1939-.
_tIntroduction to public health.
985 _aDNLMCIP
_d2024-04-11
999 _c1504
_d1504